000
00239nam a22001097a 4500
082
_a
355.4 STR'B
100
_a
BARRY, R. H
_9
76926
245
_a
STRATEGY OF ACTION
260
_a
LONDON
_b
FABER & FABER
_c
1967
300
_a
136P
942
_c
BK
999
_c
582230
_d
582230